MARC

LEADER 00000nam0a2200000 4500
001 25694
005 20231030201044.0
010 |a 582910069X 
035 |a (RuTPU)RU\TPU\book\25931 
035 |a BOOK00026006 
090 |a 25694 
100 |a 20011209d2000 m y0rusy50 ca 
101 0 |a rus 
102 |a RU 
105 |a a j 001zy 
200 1 |a История экономики  |e учебник для вузов  |f М. В. Конотопов, С. И. Сметанин 
205 |a 2-е изд. 
210 |a Москва  |c Академический проект  |d 2000 
215 |a 367 с. 
225 1 |a Gaudeamus 
320 |a Библиогр.: с. 360-363. 
610 1 |a экономика 
610 1 |a история 
610 1 |a экономическая история 
610 1 |a древний мир 
610 1 |a античность 
610 1 |a способ производства 
610 1 |a феодальная система хозяйства 
610 1 |a мануфактуры 
610 1 |a капиталистическое хозяйство 
610 1 |a промышленные перевороты 
610 1 |a мировая экономика 
610 1 |a страны мира 
610 1 |a экономическое развитие 
610 1 |a 20 век 
610 1 |a США 
610 1 |a СССР 
610 1 |a Восточная Европа 
610 1 |a экономические реформы 
610 1 |a учебные пособия 
686 |a У03я73  |v LBC/SL-A  |2 rubbk 
700 1 |a Конотопов  |b М. В.  |g Михаил Васильевич 
701 1 |a Сметанин  |b С. И.  |g Станислав Иннокентьевич 
801 0 |a RU  |b 63413507  |c 20011209  |g PSBO 
801 2 |a RU  |b 63413507  |c 20120131  |g PSBO 
942 |c BK